| 000 -LEADER |
| fixed length control field |
00547cam a22001577a 4500 |
| 008 - FIXED-LENGTH DATA ELEMENTS--GENERAL INFORMATION |
| fixed length control field |
180718b1958 xxu||||| |||| 00| 0 eng d |
| 082 ## - DEWEY DECIMAL CLASSIFICATION NUMBER |
| Classification number |
L2x54 N213/58 |
| 245 ## - TITLE STATEMENT |
| Title |
Taxation and foreign investment: a study of taxation laws in India in relation to foreign investment |
| Statement of responsibility, etc. |
by National Council of Applied Economic Research |
| 250 ## - EDITION STATEMENT |
| Edition statement |
2nd |
| 260 ## - PUBLICATION, DISTRIBUTION, ETC. |
| Place of publication, distribution, etc. |
Bombay |
| Name of publisher, distributor, etc. |
Asia |
| Date of publication, distribution, etc. |
1958 |
| 300 ## - PHYSICAL DESCRIPTION |
| Extent |
147p. |
| 500 ## - GENERAL NOTE |
| General note |
Rs.10.75 |
| 650 ## - SUBJECT ADDED ENTRY--TOPICAL TERM |
| Topical term or geographic name entry element |
Foreign Investments - India |
| 650 ## - SUBJECT ADDED ENTRY--TOPICAL TERM |
| Topical term or geographic name entry element |
Taxation - India |
| 700 ## - ADDED ENTRY--PERSONAL NAME |
| Personal name |
National Council of Applied Economic Research |